000 01048nas a2200325 4500
001 BR0600575
003 BR-BrBNA
005 20231205105821.0
007 ta
008 230509b bl.|||p| |||| 00| 00por d
040 _aBR-BrBNA
_bpor
_cBiblioteca Nacional de Agricultura
041 _a(Pt)
072 _aL01; L02; Q54
100 1 _aAbrahão, J.J. dos S.
100 1 _aPrado, I.N. do
100 1 _aPerotto, D.
100 1 _aMoletta, J.L.
245 1 _aCaracterísticas de carcaças e da carne de tourinhos submetidos a dietas com diferentes níveis de substituição do milho por resíduo úmido da extração da fécula de mandioca
650 _aGADO DE CORTE
650 _aCONFINAMENTO
650 _aDIETA
650 _aCARCAÇA
650 _aRENDIMENTO
650 _aFÉCULA
650 _aMANDIOCA
650 _aVALOR NUTRITIVO
773 0 _tRevista Brasileira de Zootecnia (Brazil)
_xISSN 1516-3598
_g(Sep-Oct 2005), v. 34(5) p. 1640-1650
_wBR0600575
909 _a202311
_bLúcia
_c55
_dLúcia Elande
942 _2AGRIS
_n0
_cANA
999 _c184822
_d184822